| 000 -ლიდერი |
| ფიქსირებული სიგრძის საკონტროლო ველი |
01867nam a2200301Ia 4500 |
| 001 - საკონტროლო ნომერი |
| საკონტროლო ველი |
22694 |
| 003 - საკონტროლო ნომრის იდენტიფიკატორი |
| საკონტროლო ველი |
GE_BSU |
| 005 - ბოლო ოპერაციის თარიღი და დრო |
| საკონტროლო ველი |
20230421111828.0 |
| 008 - ფიქსირებული სიგრძის მონაცემთა ელემენტები - ზოგადი ინფორმაცია |
| ფიქსირებული სიგრძის საკონტროლო ველი |
181216s2017||||ge |||||||||||||| ||geo|| |
| 020 ## - წიგნის საერთაშორისო სტანდარტული ნომერი |
| International Standard Book Number |
9789941271120 |
| 040 ## - კატალოგიზაციის წყარო |
| Transcribing agency |
GE_BSU |
| 041 ## - ენის კოდი |
| Language code of text/sound track or separate title |
geo |
| 080 ## - უნივერსალური ათობითი კლასიფიკაციის ინდექსი |
| Universal Decimal Classification number |
94(479.224)+39(479.22) კ-44 |
| 100 ## - მთავარი ჩანაწერი - პიროვნების სახელი |
| Personal name |
კვაშილავა, ირმა |
| 9 (RLIN) |
17699 |
| 245 ## - ცნობა სათაურის შესახებ |
| Title |
ისტორიულ-ეთნოგრაფიული სამურზაყანო / |
| Statement of responsibility, etc |
ირმა კვაშილავა ; რედაქტორი ვალერიან ითონიშვილი. |
| 264 ## - წარმოების, გამოცემის, დისტრიბუციის და სხვა ცნობები |
| გამოცემის, წარმოების, დისტრიბუციის... ადგილი |
თბილისი : |
| გამოცემის, წარმოების, დისტრიბუციის... სახელწოდება |
(საქ. მეცნ. ეროვნული აკადემიის სტამბა), |
| გამოცემის, წარმოების, დისტრიბუციის... თარიღი |
2017. |
| 300 ## - ფიზიკური აღწერა |
| Extent |
196 გვ. ; |
| Dimensions |
20 სმ. |
| 500 ## - ზოგადი შენიშვნა |
| General note |
ეძღვნება სამშობლოსათვის თავდადებულთა ნათელ ხსოვნას |
| 520 ## - SUMMARY, ETC. |
| Summary, etc |
ეძღვნება სამშობლოსათვის თავდადებულთა ნათელ ხსოვნას. |
| 653 ## - INDEX TERM--UNCONTROLLED |
| Uncontrolled term |
აფხაზეთის ისტორია |
| 653 ## - INDEX TERM--UNCONTROLLED |
| Uncontrolled term |
აფხაზეთის ეთნოგრაფია |
| 653 ## - INDEX TERM--UNCONTROLLED |
| Uncontrolled term |
ისტორია |
| 653 ## - INDEX TERM--UNCONTROLLED |
| Uncontrolled term |
ისტორიულ-ეთნოგრაფიული სამურზაყანო |
| 700 ## - ADDED ENTRY--PERSONAL NAME |
| Personal name |
ითონიშვილი, ვალერიან |
| Relator term |
რედაქტორი |
| 9 (RLIN) |
4614 |
| 710 ## - ADDED ENTRY--CORPORATE NAME |
| Corporate name or jurisdiction name as entry element |
თბილისის ივანე ჯავახიშვილის სახელმწიფო ინსტიტუტი |
| Subordinate unit |
ივანე ჯავახიშვილის ისტორიისა და ეთნოლოგიის ინსტიტუტი |
| 9 (RLIN) |
17700 |
| 942 ## - ADDED ENTRY ELEMENTS (KOHA) |
| Koha item type |
წიგნი |
| Source of classification or shelving scheme |
|